Bhimayana. (Record no. 107634)
[ view plain ]
| 000 -LEADER | |
|---|---|
| fixed length control field | 00614nam a2200205Ia 4500 |
| 003 - CONTROL NUMBER IDENTIFIER | |
| control field | OSt |
| 005 - DATE AND TIME OF LATEST TRANSACTION | |
| control field | 20240903093521.0 |
| 008 - FIXED-LENGTH DATA ELEMENTS--GENERAL INFORMATION | |
| fixed length control field | 210210b2003 xxu||||| |||| 00| 0 eng d |
| 020 ## - INTERNATIONAL STANDARD BOOK NUMBER | |
| International Standard Book Number | 81 260 1689 2 |
| 040 ## - CATALOGING SOURCE | |
| Transcribing agency | AL |
| 041 ## - LANGUAGE CODE | |
| Language code of text/sound track or separate title | Kannada |
| 082 ## - DEWEY DECIMAL CLASSIFICATION NUMBER | |
| Classification number | K894.3 VASB |
| 100 ## - MAIN ENTRY--PERSONAL NAME | |
| Personal name | VASUDEVAN NAYAR (M T). |
| Dates associated with a name | ವಾಸುದೇವನ್ ನಾಯರ್ (ಎ೦ ಟಿ) |
| 9 (RLIN) | 178501 |
| 245 ## - TITLE STATEMENT | |
| Title | Bhimayana. |
| Remainder of title | ಭೀಮಾಯಣ. |
| 260 ## - PUBLICATION, DISTRIBUTION, ETC. | |
| Place of publication, distribution, etc. | N D |
| Name of publisher, distributor, etc. | Sahitya Akademi |
| Date of publication, distribution, etc. | 2003 |
| 650 ## - SUBJECT ADDED ENTRY--TOPICAL TERM | |
| Topical term or geographic name entry element | RandamoozhamRandamuzham Randamuzham Raghavan, Si. |
| 9 (RLIN) | 178502 |
| 690 ## - LOCAL SUBJECT ADDED ENTRY--TOPICAL TERM (OCLC, RLIN) | |
| Topical term or geographic name as entry element | Kannada Fictio |
| 9 (RLIN) | 178503 |
| 906 ## - LOCAL DATA ELEMENT F, LDF (RLIN) | |
| a | 06041 |
| 942 ## - ADDED ENTRY ELEMENTS (KOHA) | |
| Source of classification or shelving scheme | Dewey Decimal Classification |
| Koha item type | Book |
| Withdrawn status | Lost status | Damaged status | Not for loan | Collection code | Home library | Current library | Shelving location | Date acquired | Source of acquisition | Cost, normal purchase price | Total Checkouts | Full call number | Barcode | Date last seen | Date last checked out | Price effective from | Koha item type |
|---|---|---|---|---|---|---|---|---|---|---|---|---|---|---|---|---|---|
| St Aloysius Library | St Aloysius Library | 02/17/2021 | Sahitya Akademi, New Delhi. | 100.00 | 1 | K894.3 VASB | 060412 | 11/06/2024 | 10/28/2024 | 02/17/2021 | Book |